Classe, direito coletivo do trabalho e acesso à justiça em perspectivas (Registro nro. 169280)
[ vista simple ]
| 000 -LEADER | |
|---|---|
| fixed length control field | 02526nam a22002897a 4500 |
| 007 - PHYSICAL DESCRIPTION FIXED FIELD--GENERAL INFORMATION | |
| fixed length control field | cr|||| |||| |
| 008 - FIXED-LENGTH DATA ELEMENTS--GENERAL INFORMATION | |
| fixed length control field | 210104s2019 br |||||s|||| 00||0 por d |
| 020 ## - INTERNATIONAL STANDARD BOOK NUMBER | |
| International Standard Book Number | 978-85-9547-076-6 |
| 035 ## - | |
| -- | 32528 |
| 040 ## - CATALOGING SOURCE | |
| Original cataloging agency | vLex |
| 090 ## - | |
| -- | 11044 |
| -- | 11044 |
| 100 1# - MAIN ENTRY--PERSONAL NAME | |
| Personal name | Máximo Teodoro, Maria Cecília |
| 245 10 - TITLE STATEMENT | |
| Title | Classe, direito coletivo do trabalho e acesso à justiça em perspectivas |
| Medium | [Recurso electrónico] : |
| Remainder of title | Anais do IV Encontro da RENAPEDTS / |
| Statement of responsibility, etc | Maria Cecília Máximo Teodoro, Gustavo Marcel Filgueiras Lacerda, Maria Rosaria Barbato |
| Number of part/section of a work | Volume III |
| 256 ## - | |
| -- | Servicio en línea |
| 260 ## - PUBLICATION, DISTRIBUTION, ETC. (IMPRINT) | |
| Place of publication, distribution, etc | Belo Horizonte: |
| Name of publisher, distributor, etc | Initia Via Editora, |
| Date of publication, distribution, etc | 2019 |
| 300 ## - PHYSICAL DESCRIPTION | |
| Extent | 1 recurso electrónico |
| 500 ## - GENERAL NOTE | |
| General note | Os artigos que compõem estes anais apresentam, portanto, à comunidade acadêmica e à sociedade civil brasileiras não só o teor das atividades de pesquisa e extensão desenvolvidas em importantes instituições de ensino superior brasileiras, como resultam dos encontros e diálogos estabelecidos entre pesquisadoras, pesquisadores e extensionistas nos grupos de trabalho temáticos, nas palestras e nos intervalos entre palestras e atividades do IV Encontro da RENAPEDTS. Desse modo, os artigos que compõem estes anais nascem da cooperação acadêmica interinstitucional e da construção coletiva de uma rede de pesquisa e extensão em Direito do Trabalho e Seguridade Social. Sua leitura se revela fundamental para uma compreensão crítica das reformas políticas, econômicas, sociais e jurídicas do mundo do trabalho e dos sistemas de seguridade social pautadas por uma lógica neoliberal propostas no Brasil e em outros países do mundo no decorrer dos últimos anos, que atentam, aqui e alhures, contra direitos sociais duramente conquistados por trabalhadoras e trabalhadores |
| 506 1# - RESTRICTIONS ON ACCESS NOTE | |
| Terms governing access | Disponible solo en los productos indicados |
| Authorized users | vLex Global |
| -- | vLex Global (Academic Edition, excluding Law Schools) |
| -- | vLex Global (U.S. Academic Edition, Law Schools) |
| -- | vLex Global (U.S. Academic Edition, excluding Law Schools) |
| -- | vLex Global (Academic Edition, Law Schools) |
| 650 04 - SUBJECT ADDED ENTRY--TOPICAL TERM | |
| Topical term or geographic name as entry element | Derecho Laboral y Seguridad Social |
| Geographic subdivision | Brasil |
| 650 04 - SUBJECT ADDED ENTRY--TOPICAL TERM | |
| Topical term or geographic name as entry element | Seguridad Social |
| Geographic subdivision | Brasil |
| 700 1# - ADDED ENTRY--PERSONAL NAME | |
| Personal name | Filgueiras Lacerda, Gustavo Marcel |
| 700 1# - ADDED ENTRY--PERSONAL NAME | |
| Personal name | Rosaria Barbato, Maria |
| 740 0# - | |
| -- | vLex Libros (Servicio en línea) |
| 856 40 - LOCALIZACIÓN Y ACCESO ELECTRÓNICO | |
| Identificador Uniforme del Recurso (URI/URL) | https://app.vlex.com/#/sources/classe-direito-coletivo-do-trabalho-e-acesso-a-justi-a-em-perspectivas-anais-do-iv-encontro-da-renapedts-volume-iii-32528 |
| 942 ## - | |
| -- | RAA |
| 999 ## - | |
| -- | 169280 |
| -- | 169280 |
No hay ítems disponibles.